000 nam a22 7a 4500
999 _c10507
_d10507
008 180219b ||||| |||| 00| 0 eng d
100 _aGupta,S.
_96420
245 _aAcademic GK Matters-VI
260 _aNew Delhi
_bAnand&Imprint